Hindi mein samasya sahitya/ (Record no. 17592)

000 -LEADER
fixed length control field 00359nam a22001451a 4500
082 ## - DEWEY DECIMAL CLASSIFICATION NUMBER
Classification number H4
Item number VIM/H
100 ## - MAIN ENTRY--AUTHOR NAME
Personal name Vimala Bhaskar
245 ## - TITLE STATEMENT
Title Hindi mein samasya sahitya/
Statement of responsibility, etc by Vimala Bhaskar
260 ## - PUBLICATION, DISTRIBUTION, ETC. (IMPRINT)
Place of publication Mathura:
Name of publisher Jawahar Pustakalaya,
Year of publication 1983.
300 ## - PHYSICAL DESCRIPTION
Number of Pages 171p.
650 ## - SUBJECT ADDED ENTRY--TOPICAL TERM
Topical Term Essays Hindi
650 ## - SUBJECT ADDED ENTRY--TOPICAL TERM
Topical Term Literature Hindi
650 ## - SUBJECT ADDED ENTRY--TOPICAL TERM
Topical Term Literature
942 ## - ADDED ENTRY ELEMENTS (KOHA)
Koha item type Book
Holdings
Withdrawn status Lost status Damaged status Not for loan Permanent Location Current Location Date acquired Cost, normal purchase price Full call number Accession Number Cost, replacement price Price effective from Koha item type
        Sree Sankaracharya University of Sanskrit Sree Sankaracharya University of Sanskrit 08.01.2015 50.00 H4 VIM/H 036916 0.00 08.01.2015 Book